Medieval cities of Finland - Statistics

General Stats
  • This quiz has been taken 41 times
  • The average score is 3 of 6
Answer Stats
Year of foundation Answer % Correct
13th century Turku
97%
about 1380 Porvoo
47%
1443 Naantali
37%
1442 Rauma
37%
1365 Ulvila
32%
1403 Vyborg
26%
No matching quizzes found
Score Distribution
Percent of People with Each Score
Percentile by Number Answered
Your Score History
You have not taken this quiz